| 000 | 01808nam0a22003131 4500 | ||
|---|---|---|---|
| 001 | rc\4593508 | ||
| 005 | 20260406204557.0 | ||
| 021 |
_aRU _b[63-18753] |
||
| 035 | _a(NLR Aleph) 008662810 | ||
| 090 |
_a9071944 _c9071944 |
||
| 100 | _a20130416d1963 |||y0rusy50 ca | ||
| 101 | 0 | _arus | |
| 102 | _aRU | ||
| 105 | _ay a ||||| | ||
| 200 | 1 |
_aМеханизация и автоматизация сборки в автотракторном и сельскохозяйственном машиностроении _eБиблиогр. список отеч. и иностр. литературы за 1957-1962 гг. _fЦентр. ин-т науч.-техн. информации по автоматизации и машиностроению. ЦБТИ Гос. ком. по автоматизации и машиностроению при Госплане СССР. Центр. отраслевая науч.-техн. б-ка машиностроения |
|
| 210 |
_aМосква _cБ. и. _d1963 |
||
| 215 |
_a64 с. _d21 |
||
| 300 | _aВ вып. дан. сост.: П.Я. Котов | ||
| 606 |
_aСельскохозяйственные машины и орудия _xСборка _xМеханизация _jБиблиография _2psbo |
||
| 606 |
_aАвтомобили _xСборка _xМеханизация _jБиблиография _2psbo |
||
| 606 |
_aТракторы _xСборка _xМеханизация _jБиблиография _2psbo |
||
| 702 | 1 |
_aКотов _bП.Я. _4220 |
|
| 712 | 0 | 2 |
_aЦентральная научно-техническая библиотека машиностроения _cМосква _3RU\NLR\AUTH\889964991 _9426193 |
| 801 | 0 |
_aRU _bNLR _gpsbo |
|
| 801 | 1 |
_aRU _bELAR _2rusmarc |
|
| 852 |
_aNLR _jС345-410/М-55 |
||
| 942 | _cBOOK | ||
| 980 | _aNB | ||